000
00224 a2200097 4500
001
51379
100
_a
Allen T L
245
_a
Chemistry Experiment and Theory
260
_a
New York
_b
Harper & Row
_c
090
_c
32569
_d
32569
942
_a
NUST-CAE
_c
M
_c
25079
999
_c
286452
_d
286452